|
|
|
|
| LEADER |
00000nam0a2200000 4500 |
| 001 |
54008 |
| 005 |
20231031050139.0 |
| 010 |
|
|
|a 5060037274
|
| 035 |
|
|
|a (RuTPU)RU\TPU\book\56614
|
| 090 |
|
|
|a 54008
|
| 100 |
|
|
|a 20030627d2003 m y0rusy50 ca
|
| 101 |
0 |
|
|a rus
|
| 102 |
|
|
|a RU
|
| 105 |
|
|
|a a j 001zy
|
| 200 |
1 |
|
|a Инженерная графика
|e учебник
|f А. А. Чекмарев
|
| 205 |
|
|
|a 5-е изд., стер.
|
| 210 |
|
|
|a Москва
|c Высшая школа
|d 2003
|
| 215 |
|
|
|a 365 с.
|c ил.
|
| 320 |
|
|
|a Библиогр.: с. 355-356.
|
| 320 |
|
|
|a Предм. указ.: с. 356-360.
|
| 451 |
|
1 |
|0 (RuTPU)RU\TPU\book\69839
|y 5-06-003727-4
|t Инженерная графика
|o учебник
|f А. А. Чекмарев
|e 6-е изд., стер.
|c М.
|n Высшая школа
|d 2004
|p 365 с.
|a Чекмарев, Альберт Анатольевич
|
| 451 |
|
1 |
|0 (RuTPU)RU\TPU\book\42554
|y 5-06-003727-4
|t Инженерная графика
|o учебник
|f А. А. Чекмарев
|e 4-е изд., стер.
|c М.
|n Высшая школа
|d 2002
|p 365 с.
|a Чекмарев, Альберт Анатольевич
|
| 610 |
1 |
|
|a инженерная графика
|
| 610 |
1 |
|
|a персональные компьютеры
|
| 610 |
1 |
|
|a ЭВМ
|
| 610 |
1 |
|
|a учебники
|
| 675 |
|
|
|a 76:621(075.8)
|v 3
|
| 700 |
|
1 |
|a Чекмарев
|b А. А.
|g Альберт Анатольевич
|
| 801 |
|
1 |
|a RU
|b 63413507
|c 20030627
|g PSBO
|
| 801 |
|
2 |
|a RU
|b 63413507
|c 20230221
|g PSBO
|
| 900 |
|
|
|a Инженерная графика
|
| 942 |
|
|
|c BK
|
| 952 |
|
|
|a 550000
|